Vybrané demografické ukazovatele Slovenska od roku 1990 bakalárska práca

Guardado en:
Detalles Bibliográficos
Autor principal: Lakatoš, Ján
Autor Corporativo: Fakulta hospodárskej informatiky EU. Katedra štatistiky
Otros Autores: Sivašová, Daniela, 1955-
Formato: Libro
Lenguaje:eslovaco
Publicado: Bratislava 2018
Etiquetas: Agregar Etiqueta
Sin Etiquetas, Sea el primero en etiquetar este registro!

MARC

LEADER 00000nbm a2200000 4500
001 0247364
005 20181010083628.2
041 0 |a slo 
044 |a SK 
245 1 0 |a Vybrané demografické ukazovatele Slovenska od roku 1990  |b bakalárska práca  |c Ján Lakatoš ; školiteľ: Daniela Sivašová 
264 1 |a Bratislava  |c 2018 
300 |a 42 s. 
100 1 |a Lakatoš, Ján 
700 1 |a Sivašová, Daniela, 1955- 
710 2 |a Fakulta hospodárskej informatiky EU. Katedra štatistiky